|
|
|
|
| LEADER |
01051nab a2200289 i 4500 |
| 001 |
publ22536 |
| 005 |
20211004094453.0 |
| 008 |
211004s2021 hu o 0|| zxx d |
| 022 |
|
|
|a 0928-0987
|
| 024 |
7 |
|
|a 10.1016/j.ejps.2021.105960
|2 doi
|
| 024 |
7 |
|
|a 32119824
|2 mtmt
|
| 040 |
|
|
|a SZTE Publicatio Repozitórium
|b hun
|
| 041 |
|
|
|a zxx
|
| 100 |
1 |
|
|a Sipos Bence
|
| 245 |
1 |
0 |
|a Development of Dexamethasone-loaded mixed polymeric micelles for nasal delivery
|h [elektronikus dokumentum] /
|c Sipos Bence
|
| 260 |
|
|
|c 2021
|
| 300 |
|
|
|a Terjedelem: 11-Azonosító: 105960
|
| 490 |
0 |
|
|a EUROPEAN JOURNAL OF PHARMACEUTICAL SCIENCES
|v 166
|
| 650 |
|
4 |
|a Általános orvostudomány
|
| 700 |
0 |
2 |
|a Pannonhalminé Csóka Ildikó
|e aut
|
| 700 |
0 |
2 |
|a Budai-Szűcs Mária
|e aut
|
| 700 |
0 |
2 |
|a Kozma Gábor
|e aut
|
| 700 |
0 |
2 |
|a Berkesi Dániel Simon
|e aut
|
| 700 |
0 |
2 |
|a Kónya Zoltán
|e aut
|
| 700 |
0 |
2 |
|a Balogh György Tibor
|e aut
|
| 700 |
0 |
2 |
|a Katona Gábor
|e aut
|
| 856 |
4 |
0 |
|u http://publicatio.bibl.u-szeged.hu/22536/1/1-s2.0-S0928098721002633-main1.pdf
|z Dokumentum-elérés
|